00202nam a2200097Ia 4500008004100000100001600041245001600057260001400073300000900087650000800096191201s2019 xx 000 0 und d aBODLE, Zvi  0aInvestments bTMHc2019 a1091 aMBA